000 00988nac a22002777a 4500
001 BR9603948
003 BR-BrBNA
005 20240105121759.0
008 230509b bl.|||m| |||| 00| 0 por d
040 _aBR-BrBNA
_bpor
_cBiblioteca Nacional de Agricultura
072 _aF06; N20
090 _aF06 BR9603948
100 1 _aRezende, R.
100 1 _aFrizzone, J.A.
100 1 _aBotrel, T.A.
110 1 _aAssociacao dos Engenheiros Agricolas de Minas Gerais, Vicosa (Brasil)
_9584
245 1 _aDesempenho de um sistema de irrigacao pivo central quanto a uniformidade de distribuicao de agua abaixo e acima da superficie do solo
260 3 _aVicosa, MG (Brasil):
_c1993.
300 _a7 p.
490 _aEngenharia na Agricultura. Serie Irrigacao e Drenagem (Brazil)
_vv. 2(19)
_x
500 _aSummaries (En, Pt)
650 _aIrrigacao por Pivo Central
650 _aEquipamento de Irrigacao
909 _a202312
_bLúcia Elande
_c55
_dLúcia Elande
942 _2AGRIS
_n0
_cMS
999 _c287409
_d287409